| 000 | 01996cam a22004814i 4500 | ||
|---|---|---|---|
| 003 | PE-LiUPU | ||
| 005 | 20250731165557.0 | ||
| 008 | 150625s r 000 0 d | ||
| 035 | _a(Sirsi) a36533 | ||
| 035 | _a(Sirsi) a36533 | ||
| 040 |
_aPE-LiUPU _bspa _cPE-LiUPU _erda |
||
| 082 | 0 | 4 |
_a225 _bN _221 |
| 100 | 1 |
_aBlank, Josef, _eautor. |
|
| 245 | 1 | 3 |
_aEl evangelio según San Juan. _n4 / 1B / _cJosef Blank. |
| 264 | 1 |
_aBarcelona : _bHerder, _c1984. |
|
| 300 |
_a369 páginas ; _c20 cm. |
||
| 336 |
_atext _2rdacontent |
||
| 337 |
_aunmediated _2rdamedia |
||
| 338 |
_avolume _2rdacarrier |
||
| 505 | 0 | _aLa presencia del acontecer final. -Jesús en Jerusalén para la fiesta de los tabernáculos. -El blque sinóptico, errático en el cuarto evangelio: la mujer adúltera. -Jesús da testimonio de sí mismo: Yo soy la luz del mundo. -La libertad: L disputa acerca de la descendencia de Abraham. Jesús es más que Abraham. - La curación de un ciego de nacimiento. -El buen pastor. -La resurrección de Lázaro. -El sanedrín decide matar a Jesús. -Jesús vuelve a retirarse. | |
| 526 | _aSEG44 | ||
| 526 | _aSEG26 | ||
| 526 | _aP151 | ||
| 526 | _aP150 | ||
| 526 | _aP149 | ||
| 526 | _aP146 | ||
| 526 | _aP145 | ||
| 526 | _aP126 | ||
| 526 | _aP125 | ||
| 526 | _aP92 | ||
| 526 | _aP75 | ||
| 526 | _aP74 | ||
| 526 | _aP27 | ||
| 526 | _aP15 | ||
| 630 |
_aBiblia. _pN.T. _pJuan _xComentarios. |
||
| 910 | _a | ||
| 942 |
_2ddc _cBOOK |
||
| 949 |
_aRC 225 N 4 / 1B _wDEWEY _c1 _i37660 _lRC _mBUL _r0 _sY _tBOOK _u2015-6-25 _xBIBLIOTECA _zUNKNOWN _0COMPRA _o.CIRCNOTE. No olvidar cambiar la fecha de devolución!!!!!!! _o.STAFF. Colección General |
||
| 994 |
_aC0 _bPEPRU |
||
| 596 | _a1 | ||
| 999 |
_aRC 225 N 4 / 1B _wDEWEY _c44616 _i37660 _f2021-11-8 _g6 _lCCODEBUL1 _mBUL _r1 _sY _tBOOK _u2015-6-25 _xTEOLOGIA _zUNKNOWN _0COMPRA _o.CIRCNOTE. No olvidar cambiar la fecha de devolución!!!!!!! _o.STAFF. Colección General _d44616 |
||
| 980 |
_81 _gALBERTO SANCHEZ Responsable de Automatización |
||